[Event "Bela Perenyi Mem"]
[Site "Budapest HUN"]
[Date "2009.01.12"]
[Round "4"]
[White "Ritter,G"]
[Black "Zentai,P2"]
[Result "1/2-1/2"]
[WhiteElo "2131"]
[BlackElo "2228"]

1.d4 d5 2.Nf3 Nf6 3.c4 c6 4.e3 e6 5.Nc3 Nbd7 6.Qc2 Bd6 7.Be2 O-O 8.O-O dxc4
9.Bxc4 b5 10.Bd3 Bb7 11.Rd1 Qe7 12.Ne2 e5 13.Ng3 g6 14.Bd2 a6 15.a3 c5 16.dxe5 Nxe5
17.Nxe5 Bxe5 18.Bc3 Rfd8 19.Be2 h5 20.Bxe5 Qxe5 21.h4 c4 22.Rxd8+ Rxd8 23.Rd1 Rd5
24.Qc3 Qd6 25.Rxd5 Nxd5 26.Qd4 Qb6 27.Qe5 Qc7 28.Qd4 c3 29.bxc3 Nxc3 30.Bd3 Qc6
31.Bf1 Nb1 32.Qb2 Nc3 33.Qb4 Qf6 34.Qc5 Nd5 35.Ne4 Qxh4 36.Nd6 Qe7 37.e4 Nf4
38.e5 Qd7 39.Qa7 Bc6 40.Qxa6  1/2-1/2

[Event "6th ch-Mediterranean"]
[Site "Antalya TUR"]
[Date "2009.01.13"]
[Round "5"]
[White "Wirig,A"]
[Black "Abdel Razik,K"]
[Result "1-0"]
[WhiteElo "2464"]
[BlackElo "2429"]

1.d4 e6 2.c4 d5 3.Nf3 Nf6 4.Nc3 c6 5.e3 Nbd7 6.Qc2 c5 7.cxd5 exd5 8.Be2 Be7
9.O-O O-O 10.Rd1 c4 11.b3 cxb3 12.Qxb3 Nb6 13.a4 Ne4 14.a5 Nxc3 15.Qxc3 Nd7
16.Ba3 Bxa3 17.Qxa3 Nf6 18.Rdb1 Ne4 19.Rb5 Rb8 20.Bd3 Be6 21.Bxe4 dxe4 22.Nd2 Bd5
23.Nb1 Bc4 24.Re5 Bd3 25.Nc3 Re8 26.Rxe8+ Qxe8 27.Nd5 Qb5 28.Ne7+ Kh8 29.Rc1 h6
30.h3 Qd7 31.Qc5 Re8 32.Nc8 Kg8 33.Nxa7 Ba6 34.Nc8 Qa4 35.Nd6 Rf8 36.Nxe4 Qa2
37.Nd6 Bd3 38.Qc3 Ba6 39.e4 Qe6 40.Qg3 Kh7 41.Kh2 Rd8 42.e5 Be2 43.Rc7 Bh5
44.Rxb7 Qa2 45.Qf4 Rf8 46.Ra7 Bg6 47.a6 Kg8 48.Qf3 Qa5 49.Ra8  1-0

[Event "6th ch-Mediterranean"]
[Site "Antalya TUR"]
[Date "2009.01.15"]
[Round "7"]
[White "Wirig,A"]
[Black "Gurevich,M1"]
[Result "1-0"]
[WhiteElo "2464"]
[BlackElo "2624"]

1.d4 d5 2.c4 c6 3.Nf3 Nf6 4.Nc3 e6 5.e3 a6 6.c5 Nbd7 7.Bd3 b6 8.cxb6 c5 9.b3 cxd4
10.exd4 Qxb6 11.O-O Bd6 12.Bb2 O-O 13.Qe2 Bb7 14.Na4 Qa7 15.Ne5 Be7 16.Rfd1 Rac8
17.a3 Rfd8 18.Nxd7 Nxd7 19.b4 Nb6 20.Nc5 Nc4 21.Nxe6 Re8 22.Nxg7 Kxg7 23.Qg4+ Kf8
24.Bxh7 Bf6 25.Qg8+ Ke7 26.Re1+ Kd6 27.Rxe8 Rxe8 28.Qxe8 Nxb2 29.Qxf7 Bxd4
30.Re1 Kc6 31.Qe8+ Kc7 32.Qf7+ Kb8 33.Qf4+  1-0

[Event "Bela Perenyi Mem"]
[Site "Budapest HUN"]
[Date "2009.01.15"]
[Round "7"]
[White "Papagorasz,T"]
[Black "Imre,J1"]
[Result "1-0"]
[WhiteElo "2224"]
[BlackElo "2125"]

1.d4 Nf6 2.c4 e6 3.Nf3 d5 4.Nc3 c6 5.e3 Bd6 6.Qc2 O-O 7.Bd3 Nbd7 8.O-O dxc4
9.Bxc4 b5 10.Bd3 Bb7 11.Rd1 Qc7 12.Bd2 Rac8 13.Rac1 b4 14.Ne2 a5 15.e4 e5
16.Ng3 exd4 17.Nxd4 Ne5 18.Bg5 Nxd3 19.Qxd3 Bxg3 20.hxg3 Qe5 21.Nf5 c5 22.f4 Qe6
23.Bxf6 gxf6 24.Re1 Rfe8 25.Qe2 Kh8 26.Kf2 Rg8 27.Rh1 Rg6 28.Qh5 h6 29.Nxh6 Kg7
30.Nf5+ Kf8 31.Rcd1 Qxa2 32.Qh8+ Rg8 33.Qxf6 Qe6 34.Rd8+  1-0

[Event "ch-BLR"]
[Site "Minsk BLR"]
[Date "2009.01.15"]
[Round "3"]
[White "Maiorov,N1"]
[Black "Teterev,V"]
[Result "1/2-1/2"]
[WhiteElo "2524"]
[BlackElo "2530"]

1.d4 d5 2.c4 e6 3.Nf3 Nf6 4.Nc3 c6 5.e3 Nbd7 6.Qc2 Bd6 7.b3 O-O 8.Be2 b6
9.O-O Bb7 10.Bb2 Qe7 11.Rac1 Rac8 12.Qb1 Rfd8 13.cxd5 Nxd5 14.Ne4 Bb8 15.Rfd1 f5
16.Ned2 c5 17.dxc5 Nxc5 18.a3 a6 19.Qa1 b5 20.Be5 Bxe5 21.Qxe5 Nd7 22.Qb2 Qf6
23.Qxf6 N7xf6 24.Re1 Nc3 25.Bf1 Bd5 26.Nd4 Kf7 27.f4 Nfe4 28.Nxe4 Bxe4 29.a4 bxa4
30.Bxa6 Ra8 31.Rxc3 Rxa6 32.bxa4  1/2-1/2

[Event "Queenstown Classic"]
[Site "Queenstown NZL"]
[Date "2009.01.15"]
[Round "1"]
[White "Goldenberg,I"]
[Black "Watson,Je"]
[Result "1-0"]
[WhiteElo "2398"]
[BlackElo "1504"]

1.Nf3 d5 2.d4 Nf6 3.c4 c6 4.Nc3 e6 5.e3 Nbd7 6.Qc2 Bd6 7.Be2 O-O 8.O-O dxc4
9.Bxc4 b5 10.Bd3 Bb7 11.h3 b4 12.Ne4 Nxe4 13.Bxe4 Nf6 14.Bd3 h6 15.e4 Be7
16.Be3 Rc8 17.Rfd1 Qc7 18.Rac1 Nd7 19.Qa4 Rfd8 20.Bb1 e5 21.Nxe5 Nxe5 22.dxe5 Qxe5
23.Qxa7 Qb5 24.Qb6 Ba6 25.Qxb5 Bxb5 26.e5 Kf8 27.f4 Rxd1+ 28.Rxd1 Rd8 29.Rxd8+ Bxd8
30.Bc5+ Be7 31.Bxe7+ Kxe7 32.Kf2 Ke6 33.Ke3 c5 34.g3 f6 35.exf6 Kxf6 36.Bd3 Bc6
37.a3 bxa3 38.bxa3 g5 39.Bc2 gxf4+ 40.gxf4 Bb5 41.a4 Ba6 42.Bd3 c4 43.Be4 Ke6
44.Kd4 Kf6 45.a5 Ke6 46.Bd5+ Kf5 47.Bxc4 Bc8 48.Ke3 Kf6 49.a6 Ke7 50.a7 Bb7
51.Bd3 Kd6 52.Be4 Kc7 53.f5  1-0

[Event "TCh-AUT 2nd Bundesliga West 2008-9"]
[Site "Austria AUT"]
[Date "2009.01.17"]
[Round "7"]
[White "Tabernig,B"]
[Black "Amann,G"]
[Result "0-1"]
[WhiteElo "2315"]
[BlackElo "2296"]

1.d4 d5 2.c4 e6 3.Nc3 c6 4.Nf3 Nf6 5.e3 Nbd7 6.Qc2 Bd6 7.Bd3 O-O 8.O-O dxc4
9.Bxc4 b5 10.Bd3 Bb7 11.a3 a6 12.b4 a5 13.bxa5 Rxa5 14.Bb2 Qe7 15.e4 e5 16.Ne2 c5
17.dxc5 Nxc5 18.Ng3 g6 19.Bc3 Raa8 20.Rfe1 Rac8 21.Bxb5 Ncxe4 22.Nxe4 Nxe4
23.Rxe4 Bxe4 24.Qxe4 Rxc3 25.a4 Rfc8 26.g3 Rc1+ 27.Rxc1 Rxc1+ 28.Kg2 Qc7
29.Ng5 h6 30.Ne6 Qc8 31.Qe3 fxe6 32.Qxh6 Qb7+  0-1

[Event "ch-BLR"]
[Site "Minsk BLR"]
[Date "2009.01.17"]
[Round "5"]
[White "Maiorov,N1"]
[Black "Sidorenja,A"]
[Result "1/2-1/2"]
[WhiteElo "2524"]
[BlackElo "2362"]

1.d4 d5 2.c4 e6 3.Nf3 c6 4.e3 Nf6 5.Nc3 Nbd7 6.Qc2 Bd6 7.b3 O-O 8.Bd3 Qe7
9.O-O e5 10.cxd5 cxd5 11.e4 dxe4 12.Nxe4 Nxe4 13.Bxe4 Nf6 14.Bg5 h6 15.Bxf6 Qxf6
16.dxe5 Bxe5 17.Nxe5 Qxe5 18.Rfe1 Qb5 19.Qc7 a5 20.Rad1 Bg4 21.f3 Be6 22.Qxb7 Qc5+
23.Kh1 Rad8 24.Bb1 g6 25.Qa6 Bf5 26.Rxd8 Rxd8 27.Qf6 Rc8 28.Bxf5 Qxf5 29.Qxf5 gxf5
30.h3 Rc5 31.a4 Kg7 32.Kh2 Kf6 33.Re8 Rc2 34.Rb8 Rb2 35.Rb5 f4 36.h4 Rb1
37.Kh3 Rb2 38.h5 Kg7 39.Kg4 Rxg2+ 40.Kxf4 Rb2 41.Ke3 Kf6 42.Kd3 Rf2 43.Ke4 Re2+
44.Kd4 Rb2 45.Kc4 Rc2+ 46.Kd5 Rc3 47.Rxa5 Rxb3 48.Rb5 Rxf3 49.Kc6 Ra3 50.a5 Ke6
51.Kb7 f5 52.a6 Kf6 53.a7 Kg5 54.a8=Q Rxa8 55.Kxa8 Kxh5 56.Kb7 Kg4 57.Kc6 h5
58.Kd5 h4 59.Rb4+ Kg3 60.Rb3+ Kg2 61.Rb2+ Kg3 62.Ke5 h3 63.Rb3+ Kg2 64.Kf4 h2
65.Rb2+ Kh3 66.Rb3+ Kg2 67.Rb2+ Kh3 68.Rb3+ Kg2  1/2-1/2

[Event "Petrovskaya Ladya GM2"]
[Site "Peterhof RUS"]
[Date "2009.01.17"]
[Round "5"]
[White "Khuseinkhodzhaev,M"]
[Black "Duzhakov,I"]
[Result "1-0"]
[WhiteElo "2373"]
[BlackElo "2304"]

1.d4 d5 2.c4 c6 3.Nf3 Nf6 4.Nc3 e6 5.e3 Nbd7 6.Qc2 Bd6 7.Bd3 dxc4 8.Bxc4 O-O
9.O-O b5 10.Bd3 Bb7 11.Bd2 a6 12.Ng5 h6 13.Nge4 Bxh2+ 14.Kxh2 Ng4+ 15.Kh3 f5
16.Ng3 Qg5 17.Nce2 c5 18.Nf4 Ndf6 19.f3 c4 20.Nxe6 cxd3 21.Nxg5 dxc2 22.Ne6 Rfe8
23.Nc7 Nxe3 24.Bxe3 Rxe3 25.Nxa8 Bxa8 26.Rac1 f4 27.Rxc2 fxg3 28.Rc8+ Re8
29.Rfc1 Bd5 30.Rxe8+ Nxe8 31.b3 Nd6 32.Kxg3 Kf7 33.Rc7+ Kf6 34.Rd7 Ke6 35.Rc7 g6
36.Kf4 b4 37.g4 Nb5 38.Rh7 Nxd4 39.Rxh6 Ne2+ 40.Ke3 Nc3 41.Rxg6+ Kf7 42.Rxa6 Be6
43.Kd4 Bd5 44.g5 Bxf3 45.Rf6+ Kg7 46.Rxf3 Nxa2 47.Kc4  1-0

[Event "TCh-BEL 2008-9"]
[Site "Belgium BEL"]
[Date "2009.01.18"]
[Round "7"]
[White "Wiersma,E"]
[Black "Hommeles,T"]
[Result "1-0"]
[WhiteElo "2414"]
[BlackElo "2404"]

1.d4 d5 2.c4 c6 3.Nf3 Nf6 4.Nc3 e6 5.e3 Nbd7 6.Bd3 dxc4 7.Bxc4 b5 8.Bd3 Bb7
9.O-O a6 10.e4 c5 11.d5 c4 12.dxe6 fxe6 13.Bc2 Qc7 14.Ng5 Qc6 15.Qf3 Bc5
16.Qh3 Ke7 17.e5 Nxe5 18.Bf4 Ng6 19.Bg3 Nf8 20.Rae1 Re8 21.Nge4 Kf7 22.Nxf6  1-0

[Event "Queenstown Classic"]
[Site "Queenstown NZL"]
[Date "2009.01.19"]
[Round "5"]
[White "Mikhalevski,V"]
[Black "Johannessen,LE"]
[Result "1-0"]
[WhiteElo "2608"]
[BlackElo "2539"]

1.d4 d5 2.c4 c6 3.Nc3 e6 4.e3 Nf6 5.Nf3 Nbd7 6.Bd3 dxc4 7.Bxc4 b5 8.Be2 b4
9.Na4 Be7 10.O-O Bb7 11.a3 a5 12.Qc2 Rc8 13.Rd1 Qc7 14.axb4 axb4 15.Bd2 O-O
16.Nc5 Nxc5 17.dxc5 b3 18.Qc4 Ra8 19.Nd4 Qe5 20.Qxb3 Bxc5 21.Qxb7 Rxa1 22.Rxa1 Bxd4
23.Ra8 Bc5 24.Bc3 Qd5 25.Ra1 Ne4 26.Bf3 Rd8 27.h3 Bf8 28.Ra4 f5 29.Rd4  1-0

[Event "Queenstown Classic"]
[Site "Queenstown NZL"]
[Date "2009.01.19"]
[Round "5"]
[White "Watson,Je"]
[Black "Caron,D"]
[Result "1-0"]
[WhiteElo "1504"]
[BlackElo "1914"]

1.d4 d5 2.Nf3 Nf6 3.c4 c6 4.e3 e6 5.Nc3 Nbd7 6.Bd3 dxc4 7.Bxc4 b5 8.Bd3 a6
9.e4 Bb7 10.e5 Nd5 11.Bg5 Qa5 12.Bd2 Nxc3 13.bxc3 Qc7 14.O-O c5 15.Rc1 c4
16.Bc2 Nb6 17.Ng5 h6 18.Ne4 Bxe4 19.Bxe4 Rd8 20.f4 g6 21.Be1 Ba3 22.Rc2 Nd5
23.Qf3 O-O 24.g4 Kg7 25.f5 Qd7 26.f6+ Kh7 27.Bd2 Rh8 28.Bxh6 Kxh6 29.Bxd5 exd5
30.Qh3+ Kg5 31.Qe3+ Kh4 32.Qg3+ Kg5 33.Qf4+ Kh4 34.Rg2 b4 35.Qg3+ Kg5 36.Rf5+ gxf5
37.gxf5+  1-0

[Event "IMA"]
[Site "Marianske Lazne CZE"]
[Date "2009.01.20"]
[Round "5"]
[White "Rojicek,V"]
[Black "Gajic,Ml"]
[Result "1-0"]
[WhiteElo "2375"]
[BlackElo "2182"]

1.d4 d5 2.c4 c6 3.Nf3 Nf6 4.Nc3 e6 5.e3 Nbd7 6.Qc2 Bd6 7.e4 dxe4 8.Nxe4 Nxe4
9.Qxe4 e5 10.dxe5 O-O 11.exd6 Re8 12.Qxe8+ Qxe8+ 13.Be3 Ne5 14.O-O-O Nxf3
15.gxf3 Be6 16.Bd3 c5 17.Bxc5 Qa4 18.Kb1 b5 19.b3 Qa5 20.cxb5 a6 21.Be4 Rc8
22.d7 Bxd7 23.Rxd7 Rxc5 24.bxa6 f5 25.Bd3 Kf8 26.a7 Rc8 27.Rd1 Ra8 28.Rc1 h5
29.f4 Kg8 30.Rcc7 Qe1+ 31.Kb2 Qd2+ 32.Bc2 Qxf4 33.Rxg7+ Kh8 34.Rh7+ Kg8 35.b4 Qxf2
36.Ka3 Rxa7+ 37.Rxa7 Qxc2 38.Rhd7 Qc3+ 39.Ka4 Qc2+ 40.Kb5 Qe2+ 41.Kb6 Qe6+
42.Kc7 Qc4+ 43.Kd8 Qxb4 44.Rab7 Qf8+ 45.Kc7 Qc5+ 46.Kb8 Qf8+ 47.Kc7 Qc5+
48.Kb8 Qf8+ 49.Ka7 Qc5+ 50.Ka8 Qa3+ 51.Ra7 Qf3+ 52.Kb8 Qf4+ 53.Rdc7 Qd6 54.Ra8 Qb6+
55.Rb7 Qc5 56.a4 f4 57.a5 f3 58.Rc7 Qf8+ 59.Kb7  1-0

[Event "Queenstown Classic"]
[Site "Queenstown NZL"]
[Date "2009.01.20"]
[Round "6"]
[White "Hohler,P"]
[Black "Solomon,SJ"]
[Result "1/2-1/2"]
[WhiteElo "2214"]
[BlackElo "2460"]

1.c4 e6 2.Nc3 d5 3.d4 c6 4.e3 Nf6 5.Nf3 Nbd7 6.Bd3 dxc4 7.Bxc4 b5 8.Be2 Bb7
9.O-O a6 10.e4 c5 11.e5 cxd4 12.Qxd4 Bc5 13.Qf4 Nd5 14.Nxd5 Bxd5 15.Be3 Qe7
16.Bxc5 Nxc5 17.b3 O-O 18.Rac1 Rfc8 19.Qe3 h6 20.h3 b4 21.Nd2 Qg5 22.Qxg5 hxg5
23.Rc2 Nd7 24.Rxc8+ Rxc8 25.Bxa6 Rc2 26.Rd1 Nxe5 27.Nc4 Bxc4 28.Bxc4 Rxa2
29.Rd8+ Kh7 30.Rb8 g4 31.Rxb4 gxh3 32.gxh3 Kg6 33.Kg2 Kf6 34.Kg3 g5 35.Rb7 Rc2
36.Bf1 Ng6 37.b4 Rc1 38.Bg2 Nh4 39.Kh2 Rc2 40.Kg1 Rb2 41.b5 Kg6 42.b6 f5
43.Rb8 Nxg2 44.Kxg2 Kf6 45.b7 Ke5 46.Kg3 Rb3+ 47.f3 Rb4 48.Rg8 Rxb7 49.Rxg5 Rb1
50.Rh5 Kd4 51.Kf4 Rf1 52.Rh8 e5+ 53.Kxf5 e4 54.f4 Ke3 55.h4 Rxf4+ 56.Kg5 Kf3
57.h5 Rg4+ 58.Kf5 Rh4 59.Kg5 Rg4+ 60.Kf5 Rg7 61.Re8 e3 62.h6 Ra7 63.Kg6 e2
64.h7 Ra6+ 65.Kg5 Ra5+ 66.Kg6 Ra6+  1/2-1/2

[Event "Corus A"]
[Site "Wijk aan Zee NED"]
[Date "2009.01.20"]
[Round "4"]
[White "Carlsen,M"]
[Black "Aronian,L"]
[Result "1/2-1/2"]
[WhiteElo "2776"]
[BlackElo "2750"]

1.d4 d5 2.c4 c6 3.Nf3 Nf6 4.Nc3 e6 5.e3 Nbd7 6.Qc2 Bd6 7.b3 O-O 8.Be2 b6
9.Bb2 Qe7 10.O-O Bb7 11.Rfe1 Rfe8 12.Rad1 Rad8 13.Bf1 Bb4 14.a3 Bxa3 15.Bxa3 Qxa3
16.cxd5 exd5 17.Ra1 Qd6 18.Rxa7 Qb8 19.Rea1 c5 20.b4 cxd4 21.Nxd4 Rc8 22.Qb3 Ne5
23.h3 g6 24.Be2 Re7 25.R7a2 Nc4 26.Rd1 Nxe3 27.fxe3 Rxe3 28.Rd3 Qg3 29.Nd1 Qe1+
30.Bf1 Rxd3 31.Qxd3 Qxb4 32.Qd2 Qd6 33.Nf3 Ne4 34.Qd4 Rc1 35.Rb2 Qc5 36.Ne3 Ba6
37.Rxb6 Qxd4 38.Nxd4 Bxf1 39.Nxf1 Nd2 40.Rf6 Rd1 41.Ne2 d4 42.Ng3 h5 43.Rf2 Nb1
44.Rb2 f5 45.Nh1 Nc3 46.Rd2 Ra1 47.h4 Kg7 48.Ng3 Ra4 49.Nh2 Ne4 50.Rd3 Nxg3
51.Rxg3 d3 52.Rxd3 Rxh4 53.Rd7+ Kh6 54.Nf3 Re4 55.Rd6 Kg7 56.Kh2 Kh6 57.Nd4 Rh4+
58.Kg3 Rg4+ 59.Kh3 Kg7 60.g3 Kf7 61.Nf3 Ke7 62.Ra6 f4 63.gxf4 Rxf4 64.Ne5 Re4
65.Nxg6+  1/2-1/2

[Event "ch-BLR"]
[Site "Minsk BLR"]
[Date "2009.01.21"]
[Round "9"]
[White "Tihonov,J"]
[Black "Sidorenja,A"]
[Result "1-0"]
[WhiteElo "2460"]
[BlackElo "2362"]

1.d4 d5 2.c4 e6 3.Nc3 c6 4.e3 Nf6 5.Nf3 Nbd7 6.Qc2 Bd6 7.g4 dxc4 8.Bxc4 e5
9.g5 Nd5 10.Bd2 O-O 11.Ne4 Bc7 12.Rg1 exd4 13.Nxd4 Ne5 14.Be2 Ba5 15.O-O-O Bxd2+
16.Rxd2 Re8 17.h4 Kh8 18.h5 Qe7 19.a3 Nd7 20.Bf3 Ne5 21.Bh1 Bg4 22.h6 g6
23.f4 Nxe3 24.Qb3 N3c4 25.Rc2 Rad8 26.Rxc4 Nxc4 27.Qxc4 Qd7 28.Nf6 Qd6 29.Nxe8 Qxf4+
30.Kb1 Rxd4 31.Qc5 Qf5+ 32.Qxf5 Bxf5+ 33.Ka1  1-0

[Event "Queenstown Classic"]
[Site "Queenstown NZL"]
[Date "2009.01.22"]
[Round "8"]
[White "West,G"]
[Black "Marner,G"]
[Result "1-0"]
[WhiteElo "2346"]
[BlackElo "2049"]

1.d4 d5 2.c4 c6 3.Nc3 Nf6 4.Nf3 e6 5.e3 Nbd7 6.Qc2 Be7 7.b3 O-O 8.Bd3 a6
9.O-O b5 10.Ne5 Bb7 11.c5 b4 12.Na4 Qc7 13.Nxd7 Nxd7 14.Bxh7+ Kh8 15.Bd3 f5
16.Bd2 a5 17.a3 bxa3 18.Rxa3 Ba6 19.Nb2 Bxd3 20.Nxd3 Rf6 21.Rfa1 Rh6 22.h3 e5
23.Bxa5 Qc8 24.dxe5  1-0

[Event "ch-PriFO"]
[Site "Kazan RUS"]
[Date "2009.01.24"]
[Round "4"]
[White "Palachev,P"]
[Black "Bushkov,A"]
[Result "1/2-1/2"]
[WhiteElo "2050"]
[BlackElo "2295"]

1.d4 d5 2.c4 c6 3.Nc3 Nf6 4.e3 e6 5.Nf3 Nbd7 6.Bd3 dxc4 7.Bxc4 b5 8.Bd3 Bb7
9.O-O a6 10.a3 c5 11.Qe2 Be7 12.Rd1 Qb6 13.Bc2 Rd8 14.e4 cxd4 15.Nxd4 Ne5
16.Nf3 Rxd1+ 17.Bxd1 Nxf3+ 18.Qxf3 Bc5 19.Bc2 O-O 20.Bd2 Bd4 21.Re1 Rc8 22.Re2 Nd7
23.Qg3 Ne5 24.Bb3 a5 25.Be1 Nc4 26.Bxc4 Rxc4 27.Qd3 Ba6 28.Qd1 h6 29.Rd2 e5
30.Nd5 Qc5 31.b4 axb4 32.axb4 Qd6 33.Rc2 Bb7 34.Ne3 Rxc2 35.Qxc2 Qc6 36.Qxc6 Bxc6
37.Nf5 Bxe4 38.Nxd4 exd4 39.f3 Bc2 40.Kf2 f5 41.f4 Kf7 42.Ke2 Ke6 43.g3 Kd5
44.Bd2 Ke4 45.Be1 g6 46.h3 Bd3+ 47.Kf2 Bc4 48.h4 Kd3 49.Kf3 Bd5+ 50.Kf2 Be4
51.Kf1 Ke3 52.Bf2+ Kf3 53.Bxd4 Kxg3 54.Bg7 h5 55.Bf6 Kxf4 56.Kf2 Bd5 57.Be7 Ke4
58.Bg5 f4 59.Be7 Kd3 60.Bg5 f3 61.Be7 Kc4 62.Ke3 Kc3 63.Kf2 Kc4 64.Ke3 g5
65.hxg5 h4 66.g6 h3 67.Bd6 h2 68.Bxh2 Kxb4 69.Bd6+ Kc4 70.g7  1/2-1/2

[Event "TCh-HUN 2008-9"]
[Site "Decs HUN"]
[Date "2009.01.25"]
[Round "6"]
[White "Vince,A"]
[Black "Domany,Z"]
[Result "1/2-1/2"]
[WhiteElo "2029"]
[BlackElo "2194"]

1.d4 d5 2.c4 c6 3.Nc3 Nf6 4.e3 e6 5.Nf3 Nbd7 6.Bd3 Bd6 7.e4 dxe4 8.Nxe4 Nxe4
9.Bxe4 O-O 10.O-O f5 11.Bc2 e5 12.Bg5 Be7 13.Bxe7 Qxe7 14.dxe5 Nxe5 15.Re1 Nxf3+
16.Qxf3 Qf6 17.b4 Be6 18.Bb3 Bf7 19.Rad1 Rad8 20.h3 g6 21.Qe3 b6 22.c5 Bxb3
23.Qxb3+ Qf7 24.Rxd8 Rxd8 25.Re7 Qxb3 26.axb3 Rd5  1/2-1/2

[Event "Open"]
[Site "Marianske Lazne CZE"]
[Date "2009.01.25"]
[Round "9"]
[White "Schumacher,G"]
[Black "Kopasov,E"]
[Result "1/2-1/2"]
[WhiteElo "2164"]
[BlackElo "2047"]

1.d4 d5 2.c4 e6 3.Nc3 c6 4.e3 Nf6 5.Nf3 Nbd7 6.Bd3 dxc4 7.Bxc4 b5 8.Be2 Bb7
9.O-O Bd6 10.Nd2 O-O 11.Bf3 a6 12.Qe2 Qc7 13.h3 c5 14.Nce4 Nxe4 15.Nxe4 Be7
16.dxc5 Nxc5 17.Nxc5 Bxc5 18.Bd2 Rfd8 19.Rac1 Bxf3 20.Qxf3 Rac8 21.Rc2 Qb8
22.Rfc1 Be7 23.Bc3 h6 24.Qg4 Bf8  1/2-1/2

[Event "IMB"]
[Site "Marianske Lazne CZE"]
[Date "2009.01.25"]
[Round "11"]
[White "Poliakov,A"]
[Black "Vlasak,Lu"]
[Result "0-1"]
[WhiteElo "2302"]
[BlackElo "2163"]

1.d4 Nf6 2.Nf3 d5 3.c4 c6 4.Nc3 e6 5.e3 Nbd7 6.Qc2 Bd6 7.h3 O-O 8.g4 e5 9.g5 Ne4
10.Nxe4 dxe4 11.Qxe4 f5 12.gxf6 Nxf6 13.Qc2 Bb4+ 14.Bd2 Bxd2+ 15.Kxd2 exd4
16.exd4 Nh5 17.Qc3 Qf6 18.Be2 Nf4 19.d5 Qh6 20.Kd1 cxd5 21.cxd5 Bd7 22.Nd4 Nxe2
23.Kxe2 Rae8+ 24.Kf1 Qf4 25.f3 Re3 26.Qd2 Rxf3+ 27.Nxf3 Qxd2  0-1

[Event "TCh-HUN 2008-9"]
[Site "Szombathely HUN"]
[Date "2009.01.25"]
[Round "6"]
[White "Nemeth,D"]
[Black "Rapport,R"]
[Result "1/2-1/2"]
[WhiteElo "2139"]
[BlackElo "2323"]

1.c4 c6 2.Nf3 d5 3.e3 Nf6 4.Nc3 e6 5.d4 Nbd7 6.Bd3 dxc4 7.Bxc4 b5 8.Bd3 a6
9.e4 c5 10.O-O cxd4 11.Nxd4 Bb7 12.Re1 Ne5 13.Be2 Bc5 14.Be3 Qb6 15.b4 Bxd4
16.Bxd4 Qc7 17.Rc1 Nc6 18.Bc5 Rd8 19.Qb3 Nd7 20.Bxb5 Nxc5 21.bxc5 axb5 22.Nxb5 Qc8
23.Nd6+ Rxd6 24.cxd6 O-O 25.Qb6 f6 26.a4 Qd7 27.Red1 e5 28.a5 Nd4 29.Rc7 Qg4
30.Rxd4 exd4 31.Qb3+ Kh8 32.Rxb7 Qxe4 33.Qb1 Qd5 34.Qb4 d3 35.d7 Rg8 36.Qb3 Qd6
37.Rb6 Qxd7 38.Rb8 Re8 39.Rxe8+ Qxe8 40.Qxd3 Qe1+ 41.Qf1 Qxa5 42.Qe2 Qa1+
43.Qf1 Qe5 44.g3 h5 45.h4 g5 46.hxg5 fxg5 47.f4 Qc3 48.Qf2 g4 49.Kh2 Kg7
50.Qe2 Kf6 51.Qe4 Qd2+  1/2-1/2

[Event "ch-PriFO"]
[Site "Kazan RUS"]
[Date "2009.01.26"]
[Round "6"]
[White "Jusupov,T"]
[Black "Zakharov,Ig"]
[Result "0-1"]
[WhiteElo "2044"]
[BlackElo "2194"]

1.d4 Nf6 2.c4 e6 3.Nf3 d5 4.Nc3 c6 5.e3 Bd6 6.Be2 O-O 7.O-O Nbd7 8.b3 dxc4
9.bxc4 e5 10.Qc2 Re8 11.Rd1 Qc7 12.g3 h6 13.Bf1 exd4 14.exd4 Nh5 15.Bb2 Ndf6
16.Re1 Be6 17.Nd2 Rad8 18.Nce4 Bb4 19.Re3 Qc8 20.Qb3 Bf8 21.f3 b6 22.g4 Nxe4
23.Nxe4 Nf4 24.Rc1 Qd7 25.Nf2 Bd6 26.Qc3 f5 27.gxf5 Bxf5 28.Rce1 Rxe3 29.Qxe3 Kh8
30.Ne4 Bc7 31.Ng3 Qd6 32.Qe7 Be6 33.Qxd6 Bxd6 34.Ne4 Bb4 35.Rd1 Nh3+ 36.Bxh3 Bxh3
37.Kf2 Kg8 38.Rg1 Bf8 39.Rg6 Rc8 40.Rg3 Be6 41.Nd2 b5 42.cxb5 cxb5 43.Ke3 Rc2
44.Ba1 Rxa2 45.Rg1 b4 46.Kd3 b3 47.Bc3 a5  0-1

[Event "ch-PriFO"]
[Site "Kazan RUS"]
[Date "2009.01.26"]
[Round "6"]
[White "Kanter,E"]
[Black "Geller,J"]
[Result "0-1"]
[WhiteElo "2366"]
[BlackElo "2523"]

1.d4 d5 2.c4 e6 3.Nf3 c6 4.e3 Nf6 5.Nc3 Nbd7 6.Qc2 Bd6 7.e4 Nxe4 8.Nxe4 dxe4
9.Qxe4 Bb4+ 10.Bd2 Bxd2+ 11.Nxd2 O-O 12.Bd3 Nf6 13.Qe5 Ng4 14.Qh5 f5 15.Nb3 a5
16.f3 a4 17.fxg4 axb3 18.a3 Qxd4 19.O-O-O e5 20.gxf5 e4 21.Be2 Qe3+ 22.Kb1 Bxf5
23.Rhe1 Qf4 24.g4 Bg6 25.Qc5 Rad8 26.Rxd8 Rxd8 27.Qb4 e3+ 28.Ka1 Qf2 29.c5 Bc2
30.Bc4+ Kh8 31.Qa5 Qxe1+ 32.Qxe1 Rd1+  0-1

[Event "XXXIV Open"]
[Site "Seville ESP"]
[Date "2009.01.26"]
[Round "4"]
[White "Ivanov,Jo"]
[Black "Salgado Lopez,I"]
[Result "0-1"]
[WhiteElo "2436"]
[BlackElo "2554"]

1.d4 Nf6 2.c4 e6 3.Nf3 d5 4.Nc3 c6 5.e3 Nbd7 6.Qc2 Bd6 7.Be2 dxc4 8.a4 O-O
9.O-O c5 10.a5 cxd4 11.exd4 a6 12.Bxc4 b5 13.axb6 Nxb6 14.Bd3 Bb7 15.Qe2 a5
16.Rd1 h6 17.Ne5 Bb4 18.Ng4 Nxg4 19.Qxg4 Kh8 20.Qh5 Qf6 21.h4 a4 22.Bg5 Ra5
23.Nb5 Rxb5 24.Bxb5 Qf5 25.Be2 Kg8 26.Bd2 Qxh5 27.Bxh5 Be7 28.Be2 Bd5 29.h5 Bb3
30.Rdc1 Bf6 31.Be3 Nd5 32.Bc4 Rb8 33.Bxd5 exd5 34.Rc3 Rb4 35.Rd3 Bc4 36.Rd2 Kf8
37.Re1 Bb3 38.g4 Rc4 39.Kg2 Bd8 40.Rde2 Bb6 41.f3 Kg8 42.Kg3 Kh7 43.Bf2 Ba5
44.Rh1 f6 45.Re7 Rc2 46.Be1 Rc1 47.f4 Kg8 48.Rg1 Rb1 49.Kh4 Bb6 50.Bf2 Rxb2
51.Rb7 Rxf2 52.Re1 Bxd4 53.Re8+ Kh7 54.Rbb8 g5+ 55.hxg6+ Kxg6 56.Rb7 f5 57.Rg8+ Kf6
58.Rf8+ Ke6 59.gxf5+ Kd6 60.Kg3 Bd1 61.Rb1 Rf3+ 62.Kg2 Rf2+ 63.Kg3 Rf3+ 64.Kg2 Bc2
65.Kxf3 Bxb1 66.Ra8 Bc2 67.Ra6+ Ke7 68.Rxh6 a3 69.Re6+ Kf7 70.Ra6 Bb2  0-1

[Event "7th Gibtelecom Masters"]
[Site "Caleta ENG"]
[Date "2009.01.27"]
[Round "1"]
[White "Sachdev,T"]
[Black "Lovik,L"]
[Result "1-0"]
[WhiteElo "2435"]
[BlackElo "2183"]

1.d4 d5 2.Nf3 Nf6 3.c4 c6 4.Nc3 e6 5.e3 Nbd7 6.b3 Bd6 7.Bb2 Qe7 8.Be2 O-O
9.O-O b6 10.Qc2 Bb7 11.Bd3 h6 12.Rfe1 Rac8 13.e4 dxe4 14.Nxe4 Nxe4 15.Bxe4 Nf6
16.Bd3 Nh5 17.c5 Bb8 18.b4 Nf4 19.Bf1 Nd5 20.a3 Nc7 21.Ne5 Nd5 22.Qe4 Nf6
23.Qf3 Nd7 24.Nxd7 Qxd7 25.Bc4 Rce8 26.Qc3 f6 27.Qb3 Kf7 28.Re2 Re7 29.Rae1 Rfe8
30.Qh3 Qc8 31.Qh5+ Kf8 32.Re3 Ba6 33.Bb3 Qd7 34.Qg6 Qc7 35.g3 Bc8 36.f4 Kg8
37.f5 Kh8 38.fxe6 Ba6 39.Bc2  1-0

[Event "XXXIV Open"]
[Site "Seville ESP"]
[Date "2009.01.28"]
[Round "6"]
[White "Razmyslov,A"]
[Black "Salgado Lopez,I"]
[Result "1/2-1/2"]
[WhiteElo "2404"]
[BlackElo "2554"]

1.d4 Nf6 2.c4 e6 3.Nf3 d5 4.Nc3 c6 5.e3 Nbd7 6.Bd3 dxc4 7.Bxc4 b5 8.Bd3 Bd6
9.e4 e5 10.O-O O-O 11.a4 b4 12.Ne2 c5 13.dxe5 Nxe5 14.Nxe5 Bxe5 15.Qc2 Bb7
16.f3 Qd6 17.Be3 Bxh2+ 18.Kf2 Rac8 19.b3 Be5 20.Rad1 Qe7 21.Rh1 Rfd8 22.Bc4 h5
23.Nf4 Rxd1 24.Rxd1 h4 25.Kg1 Kh8 26.Nh3 Nh7 27.Qd3 Bc6 28.Ba6 Rb8 29.Qc4 Bd6
30.Bb5 Bb7 31.e5 Bxe5 32.Rd7 Qe6 33.Qxh4 Bf6 34.Qf4 Be5 35.Qxf7 Qxf7 36.Rxf7 Nf6
37.Bxc5 Bd5 38.Re7 Bc3 39.Bxa7 Ra8 40.Bc5 Bxb3 41.Ng5 Bd5 42.Ne4 Nxe4 43.fxe4 Ba2
44.Rd7 b3 45.Ba3 Bb1 46.e5 Bxe5 47.Rd5 Bf6 48.Rh5+ Bh7 49.Bd3 Rxa4 50.Rxh7+ Kg8
51.Rh3 Rxa3 52.Bc4+ Kf8 53.Rxb3  1/2-1/2

[Event "ch-PriFO"]
[Site "Kazan RUS"]
[Date "2009.01.29"]
[Round "9"]
[White "Isajevsky,A"]
[Black "Shinkevich,V"]
[Result "0-1"]
[WhiteElo "2424"]
[BlackElo "2516"]

1.d4 d5 2.c4 e6 3.Nf3 c6 4.e3 Nf6 5.Nc3 Nbd7 6.Qc2 Bd6 7.Be2 O-O 8.O-O dxc4
9.Bxc4 Qe7 10.a3 e5 11.h3 Bb8 12.Ba2 h6 13.Nh4 Rd8 14.Nf5 Qe8 15.f4 exd4
16.Nxd4 Nc5 17.b4 Nce4 18.Nxe4 Qxe4 19.Qxe4 Nxe4 20.Bb2 Bd7 21.g4 a6 22.Rad1 Ba7
23.Bb1 Nd6 24.Nc2 Be6 25.Bd4 b6 26.Bb2 c5 27.bxc5 bxc5 28.Bc3 Bb6 29.f5 Bb3
30.Be1 Nb5 31.Rxd8+ Rxd8 32.f6 Rd1 33.Bh4 Rxf1+ 34.Kxf1 Nc3 35.Na1 Bc4+  0-1

[Event "7th Gibtelecom Masters"]
[Site "Caleta ENG"]
[Date "2009.01.31"]
[Round "5"]
[White "Vernay,C"]
[Black "Szabo,Krisz1"]
[Result "1/2-1/2"]
[WhiteElo "2339"]
[BlackElo "2508"]

1.d4 d5 2.Nf3 Nf6 3.c4 e6 4.Nc3 c6 5.e3 Nbd7 6.Bd3 dxc4 7.Bxc4 b5 8.Bd3 a6
9.O-O Bb7 10.e4 c5 11.d5 c4 12.Bc2 Qc7 13.dxe6 fxe6 14.Nd4 Nc5 15.e5 Qxe5
16.Re1 Qd6 17.Bf5 Rd8 18.Nxe6 Qxd1 19.Nxd1 Nxe6 20.Bxe6 Be7 21.Bg5 Bc8 22.a4 Bxe6
23.Rxe6 Kf7 24.Rxa6 Rd5 25.h4 h6 26.Bxf6 Bxf6 27.axb5 Rxb5 28.Rc6 Rb4 29.Ra7+ Kg6
30.Ne3 Rxb2 31.Nxc4 Rb1+ 32.Kh2 Re8 33.Ne3 Rb2 34.Ng4 h5 35.Nxf6  1/2-1/2

[Event "Bundesliga 2008-9"]
[Site "Emsdetten GER"]
[Date "2009.01.31"]
[Round "10"]
[White "Flumbort,A"]
[Black "Nyback,T"]
[Result "1/2-1/2"]
[WhiteElo "2489"]
[BlackElo "2634"]

1.d4 d5 2.c4 c6 3.Nf3 Nf6 4.Nc3 e6 5.e3 Nbd7 6.Bd3 dxc4 7.Bxc4 b5 8.Bd3 a6
9.e4 c5 10.e5 cxd4 11.Nxb5 axb5 12.exf6 gxf6 13.O-O Qb6 14.Qe2 Bb7 15.Bf4 Bc6
16.Be4 Bxe4 17.Qxe4 Ra4 18.b3 Nc5 19.Qe1 Ra7 20.Qe2 Be7 21.Rac1 e5 22.Nxe5 fxe5
23.Bxe5 Rg8 24.Bxd4 Rc7 25.Bxc5 Rxc5 26.Rfe1 Rc7 27.Rxc7 Qxc7 28.Qxb5+ Kf8
29.Qf5 Rg6 30.g3 Qa7 31.Re2 Qa6 32.Qe5 Bd6 33.Qh8+ Rg8 34.Re8+ Kxe8 35.Qxg8+ Ke7
36.Qxh7 Qxa2  1/2-1/2

[Event "Open"]
[Site "Moscow RUS"]
[Date "2009.01.31"]
[Round "1"]
[White "Kharitonov,AV"]
[Black "Lastin,A"]
[Result "1/2-1/2"]
[WhiteElo "2563"]
[BlackElo "2643"]

1.d4 d5 2.c4 c6 3.Nf3 Nf6 4.Nc3 e6 5.e3 Nbd7 6.Qc2 Bd6 7.Be2 O-O 8.O-O dxc4
9.Bxc4 b5 10.Be2 Bb7 11.b3 a6 12.Ne4 Nxe4 13.Qxe4 Qb8 14.Bb2 c5 15.Qh4 Qd8
16.Qxd8  1/2-1/2